LEADER 01128nam--2200373li-450 001 990002822850203316 005 20180918160654.0 010 $a0-07-029613-8 035 $a000282285 035 $aUSA01000282285 035 $a(ALEPH)000282285USA01 035 $a000282285 100 $a2002006101984-------y0itay0103----ba 101 0 $aeng 102 $aUS 200 1 $aExperimental methods for engineers$fJ. P. Holman$gin collaboration with W. J. Gajda, Jr 205 $a4. ed. 210 $aNew York [etc.]$cMcGraw-Hill$dcopyr. 1984 215 $aXIV, 514 p.$cill.$d23 cm. 315 $aaltro genere 410 0$10010012100$12001 606 0 $aStrumenti per misure 676 $a620.0078 700 1$aHOLMAN,$bJack Philip$040547 702 1$aGAJDA,$bWalter J. 801 $aSistema bibliotecario di Ateneo dell' Università di Salerno$gRICA 912 $a990002822850203316 951 $aFT/218$b99$cFT 959 $aBK 969 $aDIMEC 979 $aDIMEC$b90$c20061004$lUSA01$h1644 979 $aDIMEC$b90$c20061004$lUSA01$h1645 996 $aExperimental methods for engineers$91489791 997 $aUNISA LEADER 01612nas 2200385 n 450 001 990008885490403321 005 20240229084549.0 011 $a0065-1567 035 $a000888549 035 $aFED01000888549 035 $a(Aleph)000888549FED01 035 $a000888549 091 $2CNR$aP 00145778 100 $a20161109a19739999km-y0itaa50------ba 101 0 $alat 102 $aDE 110 $aauu-------- 200 1 $aActa phytomedica 207 1$a1973- 210 $aBerlin$cParey 422 0$1001000902442$12001$aPhytopathologische Zeitschrift 422 0$1001000899225$12001$aJournal of phytopathology 530 0 $aActa phytomedica 675 $a581.2 675 $a632 801 0$aIT$bACNP$c20090723 859 4 $uhttp://acnp.cib.unibo.it/cgi-ser/start/it/cnr/dc-p1.tcl?catno=77445&person=false&language=ITALIANO&libr=&libr_th=unina1$zBiblioteche che possiedono il periodico 901 $aSE 912 $a990008885490403321 958 $aBiblioteca Dipartimento di Arboricoltura, Botanica e Patologia Vegetale-Sez. Patologia vegetale-Università Federico II di Napoli$b1973-1989;$fDAGPV 959 $aDAGPV 996 $aActa phytomedica$9802376 997 $aUNINA AP1 8 $6866-01$aNA086 Biblioteca Dipartimento di Arboricoltura, Botanica e Patologia Vegetale-Sez. Patologia vegetale-Università Federico II di Napoli$ev. Università,100, 80055 Portici (NA)$m08125.39322$nit AP2 40$aacnp.cib.unibo.it$nACNP Italian Union Catalogue of Serials$uhttp://acnp.cib.unibo.it/cgi-ser/start/it/cnr/df-p.tcl?catno=77445&language=ITALIANO&libr=&person=&B=1&libr_th=unina&proposto=NO